000 00517cam a22002171 4500
001 sa 65001782
003 DLC
005 20260227112111.0
008 881102s1964 xx 000 0 hino
010 _asa 65001782
035 _a(OCoLC)23565568
040 _aDLC
_cMiU
_dDLC
042 _apremarc
050 0 0 _aPK2098.S5358
_bK7
110 2 _aShymlal.
245 1 0 _aKrānti kā nāhara.
260 _c[1964]
300 _a88 p.
_c19 cm.
500 _aRomanized.
600 0 0 _aNana Sahib,
_d1820?-1859?
_vDrama.
999 _c62227
_d62227